Prechodné opatrenia ako relevantný nástroj migračnej politiky EÚ alebo prejav neopodstatnených obáv ... z masovej imigrácie z krajín EÚ 8 do EÚ 15

Problematika medzinárodnej migrácie a mobility pracovnej sily medzi novými a starými členskými krajinami EÚ. Súčasné skúsenosti, dopady a opodstatnenosť fungovania prechodných období vo vzťahu k otvoreniu trhov práce niektorých členských krajín EÚ. Hodnotenie a poukázanie na pozitívny vplyv zrušenia...

Descripción completa

Guardado en:
Detalles Bibliográficos
Autor principal: Ondrušek, Miloš
Formato: Capítulo de libro
Lenguaje:eslovaco
Materias:
Etiquetas: Agregar Etiqueta
Sin Etiquetas, Sea el primero en etiquetar este registro!

MARC

LEADER 00000naa$a2200000$$$4500
001 0053457
005 20240502071622.8
041 0 |a slo 
044 |a SK 
245 1 0 |a Prechodné opatrenia ako relevantný nástroj migračnej politiky EÚ alebo prejav neopodstatnených obáv ... z masovej imigrácie z krajín EÚ 8 do EÚ 15  |c Miloš Ondrušek 
520 |a Problematika medzinárodnej migrácie a mobility pracovnej sily medzi novými a starými členskými krajinami EÚ. Súčasné skúsenosti, dopady a opodstatnenosť fungovania prechodných období vo vzťahu k otvoreniu trhov práce niektorých členských krajín EÚ. Hodnotenie a poukázanie na pozitívny vplyv zrušenia prekážok medzinárodnej mobility práce a na riziká súčasného stavu. 
610 2 0 |a migrácia 
610 2 0 |a trh práce 
610 2 0 |a pohyb síl pracovných 
610 2 0 |a pohyb síl pracovných medzinárodný 
610 2 0 |a Európska únia 
100 1 |a Ondrušek, Miloš